Coping with demanding life situations in relation to anxiety and self-mastery

Bibliographic Details
Main Authors: Ruiselová, Zdena, 1948-2020 (Author), Prokopčáková, Alexandra, 1951- (Author)
Format: Article
Language:English
PhysicalDescription:Obr., tab.
ISSN:0039-3320
Subjects:

MARC

LEADER 00000nab a2200000 a 4500
001 vtls008874694
003 SK-MaSNL
005 20260304215312.0
008 140623c2005 xo 0 eng
015 |a SNBCL2005/5 
035 |a SLK035860 
040 |a SLKCL  |b slo  |c SNKBUCL  |e AACR2 
041 1 |a eng  |b eng  |b slo 
044 |a xo  |c SK 
080 |a 316.62:159.9  |2 1981 
100 1 |a Ruiselová, Zdena,  |d 1948-2020  |4 aut  |9 226872 
245 1 0 |a Coping with demanding life situations in relation to anxiety and self-mastery  |c Zdena Ruiselová, Alexandra Prokopčáková 
246 1 0 |a Zvládanie náročných životných situácií vo vzťahu k anxiete a self-mastery 
246 1 1 |a Zvládanie náročných životných situácií vo vzťahu k anxiete a self-mastery 
300 |b Obr., tab. 
504 |a Res. angl., slov. 
504 |a Bibliogr. odkazy 
650 0 7 |a udalosti meniace život  |2 MESH  |9 1298143 
650 0 7 |a sociálne správanie  |2 MESH  |9 4927 
650 0 7 |a adaptácia (psychológia)  |2 MESH  |9 238967 
650 0 7 |a úzkosť  |2 MESH  |9 2612 
650 0 7 |a sociálne problémy  |2 MESH  |9 4223 
650 0 7 |a psychologický stres  |2 MESH  |9 4285 
700 1 |a Prokopčáková, Alexandra,  |d 1951-  |4 aut  |9 39326 
773 0 |t Studia psychologica  |g Vol. 47, no. 3 (2005), s. 213-220  |x 0039-3320 
850 |a Slovenská lekárska knižnica v Bratislave  |a BA006 
852 |a BA006  |b KIS3GCP  |b 000500000 
999 |c 3145836  |d 3147766